Evaluation instruments for modular units : in Health Science 130 at Brigham Young University /

Bibliographic Details
Main Author: Tuckett, Glen
Format: Thesis Book
Language:English
Published: Provo, Utah : Tuckett, 1975.
Subjects:

MARC

Tag First Indicator Second Indicator Subfields
LEADER 00000cam a2200000 i 4500
001 in00000057695
005 20151008050420.0
008 770503r19771975oru bb 00010 eng d
035 |a (OCoLC)02936472 
035 |9 AAG0911AM 
040 |a KUK  |c KUK  |d TXA  |d UtOrBLW 
049 |a TXAI 
099 |a fiche  |a C  |a 1377 
100 1 |a Tuckett, Glen. 
245 1 0 |a Evaluation instruments for modular units :  |b in Health Science 130 at Brigham Young University /  |c by Glen Tuckett. 
264 1 |a Provo, Utah :  |b Tuckett,  |c 1975. 
300 |a x, 187 leaves 
336 |a text  |b txt  |2 rdacontent 
337 |a microform  |b h  |2 rdamedia 
338 |a microfiche  |b he  |2 rdacarrier 
500 |a Microfiche (negative) of typescript. Eugene : Microform Publications, College of Health, Physical Education and Recreation, University of Oregon, 1977. -- 3 sheets ; 10.5 x 14.8 cm. 
502 |c Brigham Young University. 
504 |a Bibliography: leaves 84-86. 
500 |a Microform. 
650 0 |a Health education  |x Examinations. 
650 0 |a Health education  |x Examinations, questions, etc. 
999 |a MARS 
999 f f |s e4bcf39f-3aca-3179-87f9-eef2e4f4f30d  |i 22880e3b-9502-3452-9abd-fa26e8efef49  |t 0 
952 f f |p normal  |a Texas A&M University  |b College Station  |c Sterling C. Evans Library  |d Evans: Microforms (3rd floor)  |t 0  |e fiche C 1377  |h Other scheme  |i microform -- microfiche  |m A14820663930 
998 f f |a fiche C 1377  |t 0  |l Evans: Microforms (3rd floor)